प्रगतिशील भारतीय साहित्कारों के छविचित्र / (Record no. 51393)
[ view plain ]
| 000 -LEADER | |
|---|---|
| fixed length control field | 01501nam a22002897a 4500 |
| 005 - DATE AND TIME OF LATEST TRANSACTION | |
| control field | 20101011141328.0 |
| 008 - FIXED-LENGTH DATA ELEMENTS--GENERAL INFORMATION | |
| fixed length control field | 100928t xxu||||| |||| 00| 0 hin d |
| 010 ## - LCCN (DPL NO) | |
| LC control number | HIN-92202 |
| 020 ## - INTERNATIONAL STANDARD BOOK NUMBER | |
| Terms of availability | 300.00 |
| International Standard Book Number | 9788190903301 |
| 035 ## - SYSTEM CONTROL NUMBER | |
| System control number | HN-64548 |
| 037 ## - SOURCE OF ACQUISITION | |
| Source of stock number/acquisition | DBAD / PUB |
| 040 ## - CATALOGING SOURCE | |
| Original cataloging agency | DPL |
| Language of cataloging | HN |
| 082 ## - DEWEY DECIMAL CLASSIFICATION NUMBER | |
| Classification number | 824 |
| 100 ## - MAIN ENTRY--PERSONAL NAME | |
| 9 (RLIN) | 22145 |
| Personal name | चेलीशेव, ये.प. |
| 245 ## - TITLE STATEMENT | |
| Title | प्रगतिशील भारतीय साहित्कारों के छविचित्र / |
| Statement of responsibility, etc | ये.प. चेलीशेव;बी.आर. शर्मा द्वारा संपादित एवं अनुदित |
| 246 ## - VARYING FORM OF TITLE | |
| Title proper/short title | Pragatisheel Bharatiya Sahityakaron ek chhavichitra |
| Remainder of title | by E.P. Chelishev |
| 260 ## - PUBLICATION, DISTRIBUTION, ETC. (IMPRINT) | |
| Place of publication, distribution, etc | दिल्ली |
| Name of publisher, distributor, etc | आदित्य पब्लिशर्स एंड डिस्ट्री |
| Date of publication, distribution, etc | 2010 |
| 270 ## - ADDRESS | |
| Address | दुकान नं.4-ए, एबीसी कॉम्प्लेक्स, 20 वीर सावरकर ब्लॉक, शकरपुर |
| City | दिल्ली |
| Postal code | 110092 |
| 300 ## - PHYSICAL DESCRIPTION | |
| Extent | 206पृ. |
| Dimensions | 22सेमी (सजिल्द) |
| 650 ## - SUBJECT ADDED ENTRY--TOPICAL TERM | |
| 9 (RLIN) | 1169 |
| Topical term or geographic name as entry element | हिन्दी निबन्ध |
| 650 ## - SUBJECT ADDED ENTRY--TOPICAL TERM | |
| 9 (RLIN) | 22409 |
| Topical term or geographic name as entry element | Hindi Niband |
| 700 ## - ADDED ENTRY--PERSONAL NAME | |
| 9 (RLIN) | 22273 |
| Personal name | शर्मा, बी.आर. |
| 700 ## - ADDED ENTRY--PERSONAL NAME | |
| 9 (RLIN) | 1253 |
| 700 ## - ADDED ENTRY--PERSONAL NAME | |
| 9 (RLIN) | 22352 |
| 942 ## - ADDED ENTRY ELEMENTS (KOHA) | |
| Source of classification or shelving scheme | Dewey Decimal Classification |
| Item type | Hindi Books |
| Classification part | 824 |
| Call number suffix | चेलीशे |
| Withdrawn status | Lost status | Source of classification or shelving scheme | Damaged status | Not for loan | Collection code | Home library | Current library | Date acquired | Source of acquisition | Cost, normal purchase price | Total Checkouts | Full call number | Barcode | Date last seen | Copy number | Cost, replacement price | Koha item type |
|---|---|---|---|---|---|---|---|---|---|---|---|---|---|---|---|---|---|
| Dewey Decimal Classification | Not For Loan | Non-fiction | D.B.Act.Division | D.B.Act.Division | 04/04/2011 | DBAD /PUB | 300.00 | 824 चेलीशे | HN-64548 | 04/04/2011 | 1 | 300.00 | Hindi Books |
